000 00404nam a2200169 a 4500
008 190529s1996|||| d
100 1 _aVencovský Eugen
245 1 0 _aPsychiatrie dávných věkú
490 _aoTVOR SA , ROZPRáVKA
260 _bKarolinum
_c1996
_aPraha
020 _a8071842265
_c0
041 _acze
044 _aCZ
958 _aA
250 _a1. vydanie
300 _a222 s.
999 _c20761
_d20761